000 01063cam a2200193 4500
001 WB3926-08
008 030709n2003 000 0 eng u
035 _a(Sirsi) u122964
245 _aImproving energy efficiency in housing
260 _c2003
490 _aBRE News Release
_v1 July 2003 (1)
520 _a"Domestic energy fact file 2003"*, a newly published BRE report, documents progress over the past thirty years on improving energy efficiency in housing, the largest energy use sector. The report presents detailed information on energy use trends and energy efficiency in the housing stock and analyses the pace of uptake of energy efficiency measures in the light of the government's target of 60% carbon dioxide emissions reduction by 2050. ISBN 1860816231. Available from RICS Books*. http://www.bre.co.uk/news.jsp?id=132
590 _aWB
650 _aCARBON DIOXIDE EMISSIONS
650 _aCAVITY WALL INSULATION
650 _aHOUSING STOCK
690 _aENVIRONMENTAL AND LAND CONSULTANCY-ENERGY-ENERGY USE-ENERGY EFFICIENCY
942 _n0
999 _c73015
_d73015